<?xml version="1.0" encoding="UTF-8"?>
<collection xmlns="http://www.loc.gov/MARC21/slim">
  <record>
    <leader>00000nam  2200000   4500</leader>
    <controlfield tag="001">INLIS000000000018525</controlfield>
    <controlfield tag="005">20241121084558</controlfield>
    <datafield tag="035" ind1="#" ind2="#">
      <subfield code="a">0010-1124000191</subfield>
    </datafield>
    <controlfield tag="007">ta</controlfield>
    <controlfield tag="008">241121###########################0######</controlfield>
    <datafield tag="245" ind1="#" ind2="#">
      <subfield code="a">OPTI-NERS FIK UNSULBAR :</subfield>
      <subfield code="b">Optimalisasi Kelender Akademik Pada Program Studi Pendidikan Profesi Ners di Fakultas Ilmu Kesehatan Universitas Sulawesi Barat /</subfield>
      <subfield code="c">Aco Mursid, S.Kep., Ns., M.Kep</subfield>
    </datafield>
    <datafield tag="260" ind1="#" ind2="#">
      <subfield code="a">Makassar :</subfield>
      <subfield code="b">Puslatbang KMP RI LAN Makassar,</subfield>
      <subfield code="c">2024</subfield>
    </datafield>
    <datafield tag="300" ind1="#" ind2="#">
      <subfield code="a">48 ;</subfield>
      <subfield code="c">30</subfield>
    </datafield>
    <datafield tag="650" ind1="#" ind2="4">
      <subfield code="a">Optimalisasi kesesuain kalender akademik universitas dengan kebutuhan program studi pendidikan profesi ners</subfield>
    </datafield>
    <datafield tag="700" ind1=" " ind2="#">
      <subfield code="a">Muhammad Irwan , S.Kep., Ns., M.Kes (Mentor)</subfield>
    </datafield>
    <datafield tag="700" ind1=" " ind2="#">
      <subfield code="a">Ahmad Amiruddin, S.Kep, Ns,m CPC (Coach)</subfield>
    </datafield>
    <datafield tag="520" ind1="#" ind2="#">
      <subfield code="a">Tidak optimalnya penyelenggaraan pendidikan pada Program Studi Pendidikan Profesi Ners yang berjalan selama ini disebabkan karena kalender akademik universitas tidak mengakomodir kebutuhan program studi. Kondisi ini memberikan dampak langsung berupa keterlambatan penginputan nilai mata kuliah yang menyebabkan nilai mata kuliah tersebut menjadi eror, memprogram ulang mata kuliah hingga menyebabkan mata kuliah ganda pada kartu hasil studi dan berdampak pada ketidaksesuaian mata kuliah pada transkrip nilai yang kondisi ini merugikan mahasiswa dan penyelenggara, hingga menyebabkan bertambahnya beban kerja pada pengelola.&#13;
&#13;
Untuk mengatasi masalah tersebut dibuat gagasan kreatif pemecahan masalah yakni Optimalisasi kesesuaian kalender akademik universitas dengan kebutuhan Program Studi Pendidikan Profesi Ners melalui kegiatan FGD akademik dan pengelola siakad" yang bertujuan untuk menerbitkan kalender akademik khusus pada program studi. Kegiatan yang dilakukan untuk memecahkan masalah adalah 1). Merumuskan rancangan kalender akademik program studi, 2). Melakukan Focus Group Discussion dengan Bagian Akademik Universitas, 3). Membuat kebijakan terkait penyesuaian kalender akademik dengan proses penyelenggaraan pendidikan pada program studi pendidikan profesi ners, 4). Melakukan sosialisasi kebijakan penyesuaian kalender akademik universitas dengan penyelengaraan program studi. Hasil kegiatan dari gagasan pemecahan masalah tersebut mendapatkan kebijakan dari Biro Akademik Universitas berupa kebijakan penyesuaian kalender akademik pada program studi yang fungsinya sama dengan rencana awal yakni penerbitan Kalender Akademik yang baru.&#13;
&#13;
Dengan adanya kebijakan tersebut akan dijalankan dan dimaksimalkan pada periode akademik 2024/2025 yang berjalan saat ini yang secara khusus dapat mengatasi dan mencegah terjadinya masalah penyelenggaraan akademik terkait rentang waktu proses pendidikan pada program studi.&#13;
Penguatan kolaborasi melalui koordinasi pengelola Program Studi dengan Bagian Akademik Universitas untuk memastikan seluruh proses pendidikan dapat terakomodir dalam sistem penyelenggaraan akademik universitas pada periode kalender akademik berikutnya.&#13;
&#13;
Kata Kunci;&#13;
&#13;
Optimalisasi, Kalender Akademik, Program Studi, Aktualisasi, Latsar CPNS</subfield>
    </datafield>
    <datafield tag="856" ind1="#" ind2="#">
      <subfield code="a">PUSLATBANG KMP LAN RI Makassar</subfield>
    </datafield>
  </record>
</collection>
